LEADER 01027nam a2200229 i 4500 001 000000341097 003 CaOOAMICUS 005 20200714150518.0 008 200714n it u000 u ita u 013 $a202236 040 $aSeMil$bita 100 1 $aGentili, Antonio .$0(OLS)http://semarc/name/4317 245 12$aI sogni :$bmessaggeri dell'anima, portavoce di Dio? Trasformazione interiore e rivelazione divina nell'esperienza onirica /$cAntonio Gentili. 260 $aEupilio :$b[s.n.],$c199?. 300 $a31 p. ;$c22 cm. 500 $aCasa ritiri spirituali Padri Barnabiti Eupilio 650 4$aSogni.$0(OLS)http://semarc/subject/9526 850 $aSeMil 852 $aSeMil$W1$xVenegono$y1$m5D XI 20/16$j220880$B232647$CSeMilBibl$Z2$F232647 $81 996 $6245$aI sogni :$bmessaggeri dell'anima, portavoce di Dio? Trasformazione interiore e rivelazione divina nell'esperienza onirica$9(OLS)http://semarc/title/430156 996 $6260$aEupilio :$b[s.n.]$9(OLS)http://semarc/publisher/37909 LEADER 00562naa a2200145 i 4500 001 000000300383 003 CaOOAMICUS 005 20180831172702.0 008 180831n xx u000 u und u 013 $a8063 040 $aSeMil$bita 100 1 $aPadiglione, Vincenzo.$0(OLS)http://semarc/name/45979 245 13$aIl matrimonio :$bun punto di vista antropologico. 773 0 $tLegame matrimoniale tra crisi e speranza.$dMilano : Vita e Pensiero, 1989.$kApi$z88-343-3729-8$w()34608 996 $6245$aIl matrimonio :$bun punto di vista antropologico$9(OLS)http://semarc/title/376393